000
00323 a2200109 4500
001
ART_51900
005
20260410161633.0
008
260409a
245
1
0
_a
Gestión y reducción de costos en la crisis del COVID-19
100
1
_a
Smolje, Alejandro R.
773
0
_t
Enfoques
_g
- N°6 (jun. 2020)
_w
REV416
999
_c
12606
_d
12606